000 00329nam a22001457a 4500
008 210426b ||||| |||| 00| 0 eng d
020 _a9783572100477
041 _aeng
080 _a94
082 _a94
100 _a16
101 _aSHH
245 _aKulturgeschichte des Essens un Trinkens
_cPaczensky,G
942 _2udc
_cBK
999 _c56756
_d56756